000
00333nam a2200133 a 4500
005
20140414131856.0
008
100828s19uu xx 00 eng d
050
_a
FIL
_b
D61 2002
100
_a
Tejido, Jose Miguel
245
_a
Si Dindo Pundido.
260
_a
Manila, Philippines :
_b
Adarna,
_c
2002.
440
_a
999
_c
110469
_d
110469